000 00272nam a2200109Ia 4500
008 200302s9999 xx 000 0 und d
100 _aRobyn Beaver
245 _aA Pocketful of Houses
260 _bThe Images Publishing Group Pvt. Ltd.
260 _c2006
300 _a271 P.,
999 _c3074
_d3074